00822nam a2200229 a 450000100060000000300080000600500170001400800410003103500190007203500110009104000290010204100080013108200260013910000280016524500720019326000420026530000750030765000450038294200120042799900170043995201360045673489BD-RjUL20211209082413.0170601s1955 at a 000 0 eng d a(BD-RjUL)73707 a740944 aNCLNbengcBD-RjULdNCLN aeng04a630.994223bWAR 19551 aWatt, Robert D.921743914aThe romance of the Australian land industries /cby Robert D. Watt. aSydney :bAngus and Robertson,c1955. aviii, 271 p., [17] p. of plates :b16 ill., 7 maps, 3 ports. ;c22 cm. 0aAgriculturezAustraliaxHistory.9217440 2ddccBK c73489d73489 00102ddc40718NFICaRUCLbRUCLcReadingd1959-03-17eColombo planl0o630.994 WAR 1955r2017-06-01 00:00:00tC-1w2017-06-01yBK